000 00629nam a2200241Ia 4500
003 OSt
005 20220925225015.0
006 a|||||r|||| 00| 0
007 ta
008 220923b |||||||| |||| 00| 0 eng d
037 _cGeneral Book
040 _aRTL
_cRTL
_beng
041 _2eng
_aeng
082 _aX9(J94), N0
100 _aAbbott George C
245 0 _aSugar
260 _aLondon
_bRoutledge U. K.
_c1990
300 _axv,396p
_ccm.
500 _aBibliography p.376-83
650 _aSugar Industry
_9231920
942 _hX9(J94), N0
_cGB
_2CC
999 _c582740
_d582740